[Event "EU-ch blitz"]
[Site "Katowice"]
[Date "2017.12.15"]
[Round "15"]
[White "Moskalenko, Alexander"]
[Black "Kusiak, Matej"]
[Result "1-0"]
[WhiteElo "2522"]
[BlackElo "2280"]
[PlyCount "75"]
[EventDate "2017.12.15"]
[EventType "swiss (blitz)"]
[EventRounds "22"]
[EventCountry "POL"]
[SourceTitle "CBM 182 Extra"]
[Source "ChessBase"]
[SourceDate "2018.02.23"]
[SourceVersion "1"]
[SourceVersionDate "2018.02.23"]
[SourceQuality "1"]

1. d4 Nf6 2. Nf3 g6 3. Bg5 Bg7 4. Nbd2 d5 5. c3 0-0 6. e3 c6 7. Be2 Qb6 8. Qb3 Bg4 9. h3 Bxf3 10. Bxf3 Nbd7 11. 0-0 e5 12. Rfc1 Qxb3 13. axb3 exd4 14. cxd4 Rfe8 15. b4 Ne4 16. Bxe4 dxe4 17. Nb3 Bf8 18. Na5 Bxb4 19. Nxb7 Rab8 20. Rxa7 Nb6 21. Bf4 Rbc8 22. Nd6 Bxd6 23. Bxd6 Nd5 24. Ra6 Red8 25. Raxc6 Rxc6 26. Rxc6 f6 27. Ba3 Rb8 28. Rc5 Nb4 29. Bxb4 Rxb4 30. Rc2 Kf7 31. g4 Ke6 32. Kg2 f5 33. Kg3 fxg4 34. hxg4 h5 35. gxh5 gxh5 36. Rc5 Rxb2 37. Rxh5 Kf6 38. Re5 1-0

[Event "SVK-chT 1718"]
[Site "Slovakia"]
[Date "2017.12.10"]
[Round "6.2"]
[White "Kusiak, Matej"]
[Black "Vrbova, Niki"]
[Result "1-0"]
[WhiteElo "2301"]
[BlackElo "2188"]
[PlyCount "41"]
[EventDate "2017.09.30"]
[EventType "team-tourn"]
[EventRounds "11"]
[EventCountry "SVK"]
[SourceTitle "EXT 2019"]
[Source "ChessBase"]
[SourceDate "2018.10.10"]
[SourceVersion "1"]
[SourceVersionDate "2018.10.10"]
[SourceQuality "1"]
[WhiteTeam "Prakovce"]
[BlackTeam "Kosice Slavia UPJS"]
[WhiteTeamCountry "SVK"]
[BlackTeamCountry "SVK"]

1. e4 c5 2. Nf3 Nc6 3. Bb5 a6 4. Bxc6 dxc6 5. d3 Qc7 6. h3 e5 7. 0-0 Be7 8. Be3 Nf6 9. Nbd2 0-0 10. Qe2 Re8 11. Nh2 b5 12. f4 exf4 13. Bxf4 Bd6 14. Bxd6 Qxd6 15. Nhf3 Nd7 16. Qf2 f6 17. Rae1 Ne5 18. Nxe5 Qxe5 19. Nf3 Qxb2 20. Qxc5 Be6 21. Rb1 1-0

[Event "SVK-chT1W 1718"]
[Site "Slovakia"]
[Date "2017.12.03"]
[Round "6.2"]
[White "Kolesar, Milan"]
[Black "Kusiak, Matej"]
[Result "0-1"]
[WhiteElo "2163"]
[BlackElo "2280"]
[PlyCount "110"]
[EventDate "2017.10.21"]
[EventType "team-tourn"]
[EventRounds "11"]
[EventCountry "SVK"]
[SourceTitle "EXT 2019"]
[Source "ChessBase"]
[SourceDate "2018.10.10"]
[SourceVersion "1"]
[SourceVersionDate "2018.10.10"]
[SourceQuality "1"]
[WhiteTeam "Devinska Nova Ves"]
[BlackTeam "Nitra NSK"]
[WhiteTeamCountry "SVK"]
[BlackTeamCountry "SVK"]

1. Nf3 c5 2. c4 Nc6 3. d4 cxd4 4. Nxd4 g6 5. e4 Bg7 6. Be3 Nf6 7. Nc3 d6 8. Be2 Bd7 9. 0-0 0-0 10. Qd2 Nxd4 11. Bxd4 Bc6 12. f3 a5 13. b3 Nd7 14. Be3 Nc5 15. Rab1 Qb6 16. Nb5 Rfc8 17. Rfc1 h5 18. Kh1 Kh7 19. Nc3 Qb4 20. Bg5 Re8 21. Nd5 Qxd2 22. Bxd2 Bxd5 23. cxd5 Bh6 24. Bxh6 Kxh6 25. Rc2 Kg7 26. Kg1 Kf6 27. Kf2 h4 28. Ke3 g5 29. Kd4 e5+ 30. Ke3 Ke7 31. Bb5 Rec8 32. Rbc1 Kd8 33. Rc3 Kc7 34. a3 Kd8 35. g3 hxg3 36. hxg3 Nxb3 37. Rxc8+ Rxc8 38. Rxc8+ Kxc8 39. Be8 f6 40. f4 gxf4+ 41. gxf4 Nd4 42. fxe5 fxe5 43. Kd3 b5 44. Kc3 Kd8 45. Bg6 Kc7 46. Bh5 Kb6 47. Bg6 Kc5 48. Bh5 b4+ 49. axb4+ axb4+ 50. Kd3 Nb5 51. Bd1 Na7 52. Ba4 Nc8 53. Bd1 Nb6 54. Bb3 Kb5 55. Bd1 Na4 0-1